WWII General Knowledge - Statistics

General Stats
  • This quiz has been taken 401 times
  • The average score is 9 of 13
Answer Stats
Hint Answer % Correct
Which country did Germany invade first? Poland
98%
Leader of Nazi Germany Adolf Hitler
95%
U.S. Naval base that was attacked by the Japanese Pearl Harbor
92%
Two deadly bombs dropped on which cities? Hiroshima
84%
Two deadly bombs dropped on which cities? Nagasaki
82%
The genocide of Jews Holocaust
80%
Duration of the war 6 years
78%
Country with the most casualties Soviet Union
71%
Hitler's war tactics Blitzkrieg
62%
The Big Three Winston Churchill
59%
The Big Three Franklin D. Roosevelt
58%
The Big Three Joseph Stalin
58%
Day of D-Day (dd/mm/yyyy) June 6, 1944
34%
No matching quizzes found
Score Distribution
Percent of People with Each Score
Percentile by Number Answered
Your Score History
You have not taken this quiz